Estatísticas para Clubes que ficaram na última colocação do Brasileirão

Clique aqui para jogar o quiz

Estatísticas Gerais

  • Esse quiz foi jogado 158 vezes
    (80 desde o último reset)
  • A pontuação média é 45 de 65

Estatísticas das Respostas

AnoEstadoTime% Correto
1988RJAmérica Carioca
100%
2007RNAmérica de Natal
100%
1998RNAmérica de Natal
100%
2023MGAmérica Mineiro
100%
2016MGAmérica Mineiro
100%
2002RJBotafogo
100%
2020/21RJBotafogo
100%
1999SPBotafogo-SP
100%
2001PESport
99%
2009PESport Recife
99%
1980MAAtlético Maranhão
96%
2003BABahia
96%
2022RSJuventude
96%
2017GOAtlético Goianiense
94%
2011SCAvaí
94%
2019SCAvaí
94%
2021SCChapecoense
94%
2004RSGrêmio
94%
2010SPGrêmio Barueri
94%
1994PENáutico
94%
2013PENáutico
94%
1968PENáutico
94%
2006PESanta Cruz
94%
2000PESanta Cruz
94%
1961SESanta Cruz-SE
94%
1991BAVitória
92%
2005DFBrasiliense
89%
2014SCCriciúma
89%
2018PRParaná
87%
2015SCJoinville
86%
2012SCFigueirense
85%
1974ALCSA
82%
1987ALCSA
82%
1959ALCSA
82%
1979DFGuará Regatas
77%
1992PAPaysandu
72%
2008MGIpatinga
70%
1970RJVasco da Gama
69%
1969RJVasco da Gama
69%
1963RNABC
66%
1962RNABC
66%
1989PRCoritiba
65%
1971CECeará Sporting
59%
1990SPInter de Limeira
52%
1985SESportivo Sergipe
52%
1972SESportivo Sergipe
52%
1973SESportivo Sergipe
52%
1996SPBragantino
51%
1986MTOperário VG
46%
1983PBTreze FC
46%
1976PBTreze FC
46%
1978AMNacional-AM
42%
1975PBCampinense
41%
1993ESDesportiva Ferroviária
37%
1982PIRiver-PI
37%
1984DFBrasília FC
34%
1995SPUnião São João
27%
1997SPUnião São João
27%
1981ESDesportiva Capixaba
24%
1967PRAtlético Ferroviário
14%
1964RNAlecrim FC
13%
1977MTDom Bosco
8%
1966AMRio Negro
7%
1960PBEstrela do Mar
1%
1965DFGuanabara-DF
0%

Distribuição das Pontuações

Percentil de Números Respondidos

Porcentagem de Pessoas com Cada Pontuação

Sua Pontuação Histórica

Você não jogou esse quiz desde o último reset